000 00597nam a2200181Ia 4500
008 090124s9999 xx 000 0 und d
082 _b131359
100 _aपाटील वसुधा
245 _a दीपगृह आणि समुद्रपक्षी
250 _a1
260 _c2003
300 _a139
600 _aपाटील वसुधा
630 _a दीपगृह आणि समुद्रपक्षी
700 _aपाटील वसुधा
730 _a दीपगृह आणि समुद्रपक्षी
942 _cBOOK
999 _c177448
_d177448